Electric Circuits / (Record no. 593739)

000 -LEADER
fixed length control field 00408nam a22001577a 4500
003 - CONTROL NUMBER IDENTIFIER
control field NUST
005 - DATE AND TIME OF LATEST TRANSACTION
control field 20230315102226.0
020 ## - INTERNATIONAL STANDARD BOOK NUMBER
International Standard Book Number 9781292261041
082 ## - DEWEY DECIMAL CLASSIFICATION NUMBER
Classification number 621.319
Author Mark NIL
100 ## - MAIN ENTRY--PERSONAL NAME
Personal name Nilsson, James W.
9 (RLIN) 110301
245 ## - TITLE STATEMENT
Title Electric Circuits /
Statement of responsibility, etc. James W. Nilsson & Susan A. Riedel
250 ## - EDITION STATEMENT
Edition statement 11th Ed.
260 ## - PUBLICATION, DISTRIBUTION, ETC.
Place of publication, distribution, etc. UK :
Name of publisher, distributor, etc. Pearson,
Date of publication, distribution, etc. 2020.
300 ## - PHYSICAL DESCRIPTION
Extent 815p. ;
Other physical details Hardbinding,
Dimensions 25cm.
942 ## - ADDED ENTRY ELEMENTS (KOHA)
Source of classification or shelving scheme
Koha item type Book
Holdings
Withdrawn status Lost status Source of classification or shelving scheme Damaged status Not for loan Permanent Location Current Location Shelving location Date acquired Full call number Barcode Date last seen Price effective from Koha item type
          School of Mechanical & Manufacturing Engineering (SMME) School of Mechanical & Manufacturing Engineering (SMME) Aerospace Engineering 03/15/2023 621.319 NIL SMME-4236 03/15/2023 03/15/2023 Book
          School of Mechanical & Manufacturing Engineering (SMME) School of Mechanical & Manufacturing Engineering (SMME) Aerospace Engineering 03/15/2023 621.319 NIL SMME-4237 03/15/2023 03/15/2023 Book
          School of Mechanical & Manufacturing Engineering (SMME) School of Mechanical & Manufacturing Engineering (SMME) Aerospace Engineering 03/15/2023 621.319 NIL SMME-4238 03/15/2023 03/15/2023 Book
© 2023 Central Library, National University of Sciences and Technology. All Rights Reserved.